Aura / (Record no. 24385)

MARC details
000 -LEADER
fixed length control field 01432cam a2200421 i 4500
001 - CONTROL NUMBER
control field 1396734
003 - CONTROL NUMBER IDENTIFIER
control field SIRSI
005 - DATE AND TIME OF LATEST TRANSACTION
control field 20200311125218.0
008 - FIXED-LENGTH DATA ELEMENTS--GENERAL INFORMATION
fixed length control field 750203t19751965nyu 000 1 eng
010 ## - LIBRARY OF CONGRESS CONTROL NUMBER
LC control number 75002417
020 ## - INTERNATIONAL STANDARD BOOK NUMBER
International Standard Book Number 9780374511715 (pbk.)
020 ## - INTERNATIONAL STANDARD BOOK NUMBER
International Standard Book Number 0374511713 (pbk.)
020 ## - INTERNATIONAL STANDARD BOOK NUMBER
International Standard Book Number 0374107017
020 ## - INTERNATIONAL STANDARD BOOK NUMBER
International Standard Book Number 9780374107017
040 ## - CATALOGING SOURCE
Original cataloging agency DLC
Transcribing agency DLC
Modifying agency BAKER
-- BTCTA
-- YDXCP
-- TOH
041 0# - LANGUAGE CODE
Language code of text/sound track or separate title engspa
050 00 - LIBRARY OF CONGRESS CALL NUMBER
Classification number PZ4.F952
Item number Au7
Classification number PQ7297.F793
100 1# - MAIN ENTRY--PERSONAL NAME
Personal name Fuentes, Carlos.
240 10 - UNIFORM TITLE
Uniform title <a href="Aura.">Aura.</a>
Language of a work English & Spanish.
245 10 - TITLE STATEMENT
Title Aura /
Statement of responsibility, etc. Carlos Fuentes ; [translated by Lysander Kemp].
250 ## - EDITION STATEMENT
Edition statement 1st bilingual ed.
260 ## - PUBLICATION, DISTRIBUTION, ETC. (IMPRINT)
Place of publication, distribution, etc. [New York :
Name of publisher, distributor, etc. Farrar, Straus and Giroux],
Date of publication, distribution, etc. 1975, c1965.
300 ## - PHYSICAL DESCRIPTION
Extent 145 p. ;
Dimensions 21 cm.
500 ## - GENERAL NOTE
General note Translation of: Aura.
520 ## - SUMMARY, ETC.
Summary, etc. A young scholar falls passionately in love with the niece of an aged widow and discovers the true relationship between the two women.
546 ## - LANGUAGE NOTE
Language note English and Spanish.
650 #0 - SUBJECT ADDED ENTRY--TOPICAL TERM
Topical term or geographic name as entry element Spanish fiction.
650 #0 - SUBJECT ADDED ENTRY--TOPICAL TERM
Topical term or geographic name as entry element Mexican fiction.
650 #0 - SUBJECT ADDED ENTRY--TOPICAL TERM
Topical term or geographic name as entry element Bilingual books
Form subdivision Fiction.
650 #0 - SUBJECT ADDED ENTRY--TOPICAL TERM
Topical term or geographic name as entry element Bilingual books
General subdivision Spanish
Form subdivision Fiction.
650 #0 - SUBJECT ADDED ENTRY--TOPICAL TERM
Topical term or geographic name as entry element Spanish fiction
Form subdivision Translations into English.
650 #0 - SUBJECT ADDED ENTRY--TOPICAL TERM
Topical term or geographic name as entry element Mexican fiction
Form subdivision Translations into English.
650 #0 - SUBJECT ADDED ENTRY--TOPICAL TERM
Topical term or geographic name as entry element Science fiction, Spanish
Form subdivision Translations into English.
650 #0 - SUBJECT ADDED ENTRY--TOPICAL TERM
Topical term or geographic name as entry element Science fiction, Spanish.
655 #0 - INDEX TERM--GENRE/FORM
Genre/form data or focus term Love stories.
655 #0 - INDEX TERM--GENRE/FORM
Genre/form data or focus term Horror tales.
942 ## - ADDED ENTRY ELEMENTS (KOHA)
Koha item type Libro/Book
Source of classification or shelving scheme Dewey Decimal Classification

No items available.

Powered by Koha